| 000 | 00706nam a2200241Ia 4500 | ||
|---|---|---|---|
| 003 | OSt | ||
| 005 | 20220926000536.0 | ||
| 006 | a|||||r|||| 00| 0 | ||
| 007 | ta | ||
| 008 | 220923b |||||||| |||| 00| 0 eng d | ||
| 037 | _cGeneral Book | ||
| 040 |
_aRTL _cRTL _beng |
||
| 041 |
_2eng _aeng |
||
| 082 | _aV2:19.1.N69<N66r, K9 | ||
| 110 |
_aINDIAN COUNCIL OF WORLD AFFAIRS. _998998 |
||
| 245 | 0 | _aAnnual report,1966-69. | |
| 260 |
_a New Delhi _bIndian Council of World Affairs _c1969 |
||
| 300 |
_a45p. _ccm. |
||
| 500 | _aAppendix :18-45p. | ||
| 700 |
_aINDIAN COUNCIL OF WORLD AFFAIRS. _998999 |
||
| 942 |
_hV2:19.1.N69<N66r, K9 _cGB _2CC |
||
| 999 |
_c599244 _d599244 |
||